Statistiques concernant Villes de France en 4 lettres - Carte Quiz

Cliquez ici pour prendre le quiz!

Statistiques générales

  • Ce quiz a été pris 384 fois
  • Le résultat moyen est 12 sur 15

Réponses sur la Carte

Les réponses sont colorées sur une échelle allant du rouge au vert en fonction du pourcentage des utilisateurs qui les ont devinées à leur premier essai. Vous pouvez retrouver ces pourcentages ci-dessous.
 

Statistiques - réponses

Réponse% Correct
Lyon
95%
Caen
94%
Nice
94%
Orly
93%
Metz
91%
Lens
84%
Agde
83%
Albi
78%
Alès
68%
Foix
68%
Dole
64%
Sens
64%
Laon
63%
Rezé
61%
Loué
57%

Distribution des résultats

Percentile par nombre de réponses

% des personnes avec chaque résultat

Votre développement - résultats

Vous n’avez pas pris ce quiz